| 000 | 00476pab a2200145 454500 | ||
|---|---|---|---|
| 008 | 180718b xxu||||| |||| 00| 0 eng d | ||
| 100 | _aIslan M. Serajul | ||
| 245 | _aHandloom weaving in rural Bangladesh : a supplementary occupation for small farmers | ||
| 362 | _a11(4) Jul 92, p.431-42 | ||
| 650 | _a Farmers -- Bangladesh | ||
| 650 | _a Handloom Weaving -- Bangladesh | ||
| 650 | _aTextile Industry -- Bangladesh | ||
| 773 | _aJournal of Rural Development | ||
| 909 | _a25231 | ||
| 999 |
_c25231 _d25231 |
||